000 00699nam a2200289Ia 4500
005 20260324140401.0
008 008 260324s9999 xx 000 0 eng d
020 _a9780203775233
037 _aEBOOK
040 _aCRL
040 _beng
040 _cCRL
041 _2eng
041 _aeng
084 _qCRL
100 _aHeidi Ehernberger Hamilton
_91204186
245 0 _aLanguage and Communication in Old Age
245 0 _bMultidisciplinary Perspectives
260 _bTaylor and Francis
260 _c1999
365 _a
365 _b230
856 _uhttp://www.taylorfrancis.com/books/9780203775233
942 _cEBOOK
999 _c1806212
_d1806212